Comisión parlamentaria encargada de estudiar las necesidades de las provincias de Tarapacá y Antofagasta

שמור ב:
מידע ביבליוגרפי
מחבר תאגידי: Cámara de Diputados (autor)
פורמט: ספר
שפה:ספרדית
יצא לאור: Santiago, Chile Zig-Zag 1913
מהדורה:Primera edición
נושאים:
תגים: הוספת תג
אין תגיות, היה/י הראשונ/ה לתייג את הרשומה!

MARC

LEADER 00000nam a2200000 a 4500
001 UCO2565
003 CL-VaPUC
005 20250103100356.0
008 000608e19130000CL |||||||||||||||||spa|d
999 |c 289070  |d 289068 
040 |c Pontificia Universidad Católica de Valparaíso 
082 0 4 |a 983.1 CAM 1913  |2 21 
110 2 |a Cámara de Diputados  |e autor  |9 445917 
245 1 0 |a Comisión parlamentaria encargada de estudiar las necesidades de las provincias de Tarapacá y Antofagasta 
250 |a Primera edición 
260 0 3 |a Santiago, Chile  |b Zig-Zag  |c 1913 
300 |a 328 páginas 
583 |a last modification  |c 20170803 03:53:00  |k Rodrigo Vera 
650 0 |a Ciudades  |9 265474 
650 7 |a SALITRERAS  |2 CL-VaPUC  |9 375452 
650 0 |a Iglesia Católica  |9 256114 
650 0 |a Problemas sociales  |9 258537 
650 7 |a JORNADA DE TRABAJO  |2 CL-VaPUC  |9 388087 
650 0 |a Accidentes de trabajo  |9 254901 
650 0 |a Historia social  |9 313638 
650 7 |a PROYECTOS DE LEY  |2 CL-VaPUC  |9 388710 
942 |c BK  |2 ddc 
945 |d 20000608 00:00:00  |a crobeson 
952 |0 0  |1 0  |2 ddc  |4 0  |6 983_100000000000000_CAM_1913  |7 0  |8 X  |9 337207  |a BIBHIS  |b BIBHIS  |d 2019-11-20  |i 1292706  |o 983.1 CAM 1913  |p 1292706  |r 2024-01-30  |t 2  |w 2019-11-20  |y BK_X  |k HIS 
952 |0 0  |1 0  |2 ddc  |4 0  |6 983_100000000000000_CAM_1913  |7 0  |8 X  |9 337208  |a FDOBUD  |b FDOBUD  |d 2019-11-20  |i 1042831  |o 983.1 CAM 1913  |p 1042831  |r 2019-11-20  |t 1  |w 2019-11-20  |y BK_X  |k BUD